| 000 | 01037nam a22002537a 4500 | ||
|---|---|---|---|
| 001 | 3599 | ||
| 003 | FISKH | ||
| 005 | 20240322151531.0 | ||
| 008 | 240322b cb ||||| |||| 00| 0 eng d | ||
| 020 | _a12345816 | ||
| 040 |
_aFISKH _bkhr _cFISKH _dFISKH |
||
| 050 | _aPZ7 | ||
| 082 | _a540 | ||
| 100 | _aThavey, Chey | ||
| 245 |
_aកំណែមេរៀន និងលំហាត់លម្អិត គីមីវិទ្យា ថ្នាក់ទី១២ ភាគ២ / _cរៀបរៀងដោយ សាស្រា្តចារ្យ : ជ័យ ថាវី |
||
| 260 |
_aPhnom Penh : _bBak Touk 2, _c2016. |
||
| 300 |
_a195 pages : _c21 cm |
||
| 520 | _aកំណែមេរៀន និងលំហាត់ គីមីវិទ្យា សម្រាប់ងថ្នាក់ទី ១២ | ||
| 520 | _aChemistry Lessons and Exercises for Grade 12 | ||
| 650 | _aគីមីវិទ្យា | ||
| 650 | _aChemistry | ||
| 942 |
_2ddc _cKHB _n0 |
||
| 999 |
_c3599 _d3599 |
||